01296nam a2200337Ia 4500001001200000003000800012006001900020007001500039008004100054010001700095020001500112040002100127035002000148041001300168050002500181100002200206240002800228245016700256260005200423300001400475504005100489533015200540650001600692650001400708650002900722655002900751700001800780710001700798856012600815999001700941ebr10053686CaPaEBRm u cr cn|||||||||040226s2003 ne sb 001 0 eng d z 54492357  z905356585X aCaPaEBRcCaPaEBR a(OCoLC)544305461 aenghdut14aBH39b.D65513 2003eb1 aDoorman, Maarten.10aSteeds mooier.lEnglish10aArt in progressh[electronic resource] :ba philosophical response to the end of the avant-garde /cby Maarten Doorman ; translated from the Dutch by Sherry Marx. aAmsterdam :bAmsterdam University Press,c2003. ai, 182 p. aIncludes bibliographical references and index. aElectronic reproduction.bPalo Alto, Calif. :cebrary,d2009.nAvailable via World Wide Web.nAccess may be limited to ebrary affiliated libraries. 0aAesthetics. 0aProgress. 0aAvant-garde (Aesthetics) 7aElectronic books.2local1 aMarx, Sherry.2 aebrary, Inc.40uhttp://site.ebrary.com/lib/rucke/Doc?id=10053686zAn electronic book accessible through the World Wide Web; click to view c64497d64497